Search the Library Catalogue
| 000 -LEADER | |
|---|---|
| fixed length control field | 01161nam a2200169Ia 4500 |
| 008 - FIXED-LENGTH DATA ELEMENTS--GENERAL INFORMATION | |
| fixed length control field | 250714s9999 xx 000 0 und d |
| 020 ## - INTERNATIONAL STANDARD BOOK NUMBER | |
| ISBN | 9781444332209 |
| 082 ## - DEWEY DECIMAL CLASSIFICATION NUMBER | |
| Classification number | 939.404 |
| Item number | MIE |
| 100 ## - MAIN ENTRY--AUTHOR NAME | |
| Personal name | Van De Mieroop, Marc |
| 245 #4 - TITLE STATEMENT | |
| Title | The Eastern Mediterranean in the Age of Ramesses II |
| 260 ## - PUBLICATION, DISTRIBUTION, ETC. (IMPRINT) | |
| Name of publisher | John Wiley & Sons |
| Year of publication | 2009 |
| 300 ## - PHYSICAL DESCRIPTION | |
| Number of Pages | 313 pages |
| 500 ## - GENERAL NOTE | |
| General note | The Eastern Mediterranean in the Age of Ramesses II offers a transnational perspective on the age of King Ramesses II of Egypt during the centuries of 1500 to 1200 BC. Shows how powerful states - stretching from western Iran to Greece and from Turkey to Sudan - jointly shaped the history, society, and culture of this region through both peaceful and military means Offers a straightforward narrative, current research, and rich illustrations Utilizes historical data from ancient Egyptians, Babylonians, Hittites, Mycenaeans, Canaanites, and others Considers all members of these ancient societies, from commoners to royalty - exploring everything from people’s eating habits to royal negotiations over diplomatic marriages |
| 650 ## - SUBJECT ADDED ENTRY--TOPICAL TERM | |
| Topical Term | History |
| 942 ## - ADDED ENTRY ELEMENTS (KOHA) | |
| Koha item type | English Books |
| Withdrawn status | Lost status | Damaged status | Not for loan | Home library | Current library | Shelving location | Date acquired | Full call number | Accession Number | Price effective from | Koha item type |
|---|---|---|---|---|---|---|---|---|---|---|---|
| Anna Centenary Library | Anna Centenary Library | 7TH FLOOR, B WING | 14.07.2025 | 939.404 MIE | 130302 | 14.07.2025 | English Books |